| 000 | 00869nac a22002897a 4500 | ||
|---|---|---|---|
| 001 | BR0100715 | ||
| 003 | BR-BrBNA | ||
| 005 | 20240105122513.0 | ||
| 008 | 230509b bl.|||m| |||| 00| 0 por d | ||
| 040 |
_aBR-BrBNA _bpor _cBiblioteca Nacional de Agricultura |
||
| 072 | _aP40 | ||
| 090 | _aP40 BR0100715 | ||
| 100 | 1 | _aSoriano, B.M.A. | |
| 110 | 1 |
_aEMBRAPA Pantanal, Corumba, MS (Brasil) _93692 |
|
| 245 | 1 | _aBoletim agrometeorologico fazenda Nhumirim 1997 | |
| 260 | 3 |
_aCorumba, MS (Brasil): _c2000. |
|
| 300 | _a21 p. | ||
| 490 |
_aBoletim Agrometeorologico - EMBRAPA Pantanal (Brazil) _vno. 4 _xISSN 0103-0463 |
||
| 500 | _a8 tables | ||
| 650 | _aMeteorologia | ||
| 650 | _aPlanejamento Agricola | ||
| 650 | _aSafra | ||
| 650 | _aFazenda | ||
| 650 | _aMato Grosso do Sul | ||
| 909 |
_a202312 _bLúcia Elande _c55 _dLúcia Elande |
||
| 942 |
_2AGRIS _n0 _cMS |
||
| 999 |
_c291377 _d291377 |
||